00805nam a2200217 i 4500003000900000005001700009006001900026007000300045008004100048040003000089082001400119245011900133264004500252300006300297336002700360337003300387338002800420500005400448586005700502700002800559DO-SdBNP20230915102312.0a||||gr|||| 00| 0 ta230915e1989 cu ah||| |||| 00| 0 spa d aDO-SdBNPbspacBNPHUerda 4222bS487i10aInglaterra: bsus dos caras en la lucha cubana por la abolición. / cRodolfo Serracino; edición, Morayma Bello 1aLa Habana, Cuba :bLetras Cubanas,c1989 a224, [3], páginas :bIlustraciones, facsímil ;c19 cm. 2rdacontentatextobtxt 2rdamediaasin mediaciónbn 2rdacarrieravolumenbnc aIncluye datos biográficos en la contracubierta. aConcurso MINFAR. Premio investigación histórica.1 aBello, Morayma eeditor